[Event "Podolsk"]
[Site "Podolsk"]
[Date "1992.??.??"]
[Round "?"]
[White "Tiviakov, Sergei"]
[Black "Gipslis, Aivars"]
[Result "1/2-1/2"]
[WhiteElo "2585"]
[BlackElo "2465"]

1.e4 d6 2.d4 Nf6 3.Nc3 g6 4.f3 c6 5.Be3 Nbd7 6.g4 b5 7.Qd2 Qa5 8.Bd3 Nb6
9.Nge2 h5 10.g5 Nfd7 11.Nb1 Qa6 12.Qc3 Na4 13.Qb3 Rb8 14.Nbc3 Bg7 15.Nxa4 Qxa4
16.c3 c5 17.f4 Qa5 18.Qd1 Bb7 19.O-O cxd4 20.cxd4 d5 21.e5 e6 22.h4 Bf8 23.f5 gxf5
24.Nf4 Qb6 25.Bf2 b4 26.Nxh5 Ba6 27.Nf4 Bxd3 28.Qxd3 Be7 29.Rac1 Nf8 30.Qc2 b3
31.axb3 Ng6 32.Ng2 Qxb3 33.Qc7 Qb7 34.Rc2 Bd8 35.Qc3 Qb3 36.Qc6+ Kf8 37.Ra1 Bb6
38.Ra3 Qb4 39.Ra4 Qb3 40.Ra3 Qb4 41.Rd3 Kg7 42.b3 Qa3 43.Qc3 Rh5 44.Qe1  1/2-1/2

[Event "Calcutta op"]
[Site "Calcutta"]
[Date "1993.??.??"]
[Round "1"]
[White "Tiviakov, Sergei"]
[Black "Sharma, Lalgopal"]
[Result "1-0"]
[WhiteElo "2575"]
[BlackElo "2220"]

1.e4 e5 2.Nf3 Nc6 3.Bb5 a6 4.Ba4 Nf6 5.Qe2 d6 6.c3 Be7 7.O-O O-O 8.Rd1 Bg4
9.h3 Bh5 10.d3 b5 11.Bc2 Qc8 12.Nbd2 Re8 13.Nf1 h6 14.Ng3 Bg6 15.Nh4 Bh7
16.Nhf5 Bf8 17.Qf3 Qd8 18.a4 Ra7 19.d4 Rb7 20.axb5 axb5 21.Bb3 Bg6 22.h4 b4
23.Ba4 Rb6 24.d5 bxc3 25.bxc3 Nb8 26.Bxe8 Nxe8 27.Ra8 c5 28.h5 Bxf5 29.Nxf5 Nc7
30.Ra1 Nd7 31.Ne3 Rb3 32.Nc4 Nb8 33.Qg3 Kh8 34.f4 Nb5 35.Rd3 exf4 36.Bxf4 Qf6
37.e5 Qf5 38.exd6 Nd7 39.Rf1 Qxh5 40.Ne5 Qf5 41.Qh3 Qxh3 42.Rxh3 Nxe5 43.Bxe5  1-0

[Event "Calcutta op"]
[Site "Calcutta"]
[Date "1993.??.??"]
[Round "2"]
[White "Girinath, PDS."]
[Black "Tiviakov, Sergei"]
[Result "0-1"]
[WhiteElo "2370"]
[BlackElo "2575"]

1.e4 c5 2.Nc3 Nc6 3.f4 g6 4.Nf3 Bg7 5.Bc4 e6 6.O-O Nge7 7.d3 O-O 8.Bb3 d5
9.a4 b6 10.Qe1 dxe4 11.dxe4 Nd4 12.Nxd4 cxd4 13.Nb5 a6 14.Na3 Bb7 15.Nc4 Qc7
16.Bd2 a5 17.f5 exf5 18.Bf4 Qc6 19.Nd6 fxe4 20.Bg3 e3 21.Qe2 Ba6 22.Qg4 Bc8
23.Qg5 Nf5  0-1

[Event "Calcutta op"]
[Site "Calcutta"]
[Date "1993.??.??"]
[Round "6"]
[White "Gufeld, Eduard"]
[Black "Tiviakov, Sergei"]
[Result "0-1"]
[WhiteElo "2480"]
[BlackElo "2575"]

1.g3 Nf6 2.Bg2 e6 3.e4 d5 4.e5 Nfd7 5.d4 c5 6.c3 Qa5 7.Nd2 Nc6 8.Ne2 b5 9.O-O Qb6
10.Nf3 Ba6 11.Re1 b4 12.Be3 Be7 13.dxc5 Bxc5 14.Ned4 O-O 15.cxb4 Nxb4 16.Qa4 Qb7
17.Red1 Nb6 18.Qa5 Nc4 19.Qxc5 Rfc8 20.Nxe6 fxe6 21.Qd4 Nxe3 22.Qxe3 Nc2
23.Qg5 Nxa1 24.Nd4 Re8 25.Nxe6 Rxe6 26.Bxd5 Qd7 27.Bf3 Qe8 28.Bxa8 Rxe5 29.Rd8 Rxg5
30.Rxe8+ Kf7 31.Re3 Ra5 32.Be4 Bc4 33.a3 Nb3 34.Rf3+ Kg8 35.Rc3 Nd2 36.Ba8 Re5
37.f4 Re1+ 38.Kf2 Re2+ 39.Kg1 Be6 40.Bg2 Ne4 41.Rc1 Nf6 42.b4 Ra2 43.h3 Rxa3
44.g4 h6 45.b5 Bd5 46.Bf1 Ra4 47.Rc8+ Kh7 48.Bd3+ Be4 49.Bc4 Ra3 50.Kh2 Bb7
51.Rc7 Bd5 52.Bf1 Ne4 53.Rd7 Ng3 54.Bg2 Bxg2 55.Kxg2 Ne2 56.f5 Nf4+ 57.Kf1 Rxh3
58.f6 Rf3+ 59.Kg1 Ne2+ 60.Kg2 Rxf6 61.Rxa7 Rb6  0-1

[Event "Arnold Cup"]
[Site "Gausdal"]
[Date "1993.??.??"]
[Round "6"]
[White "Stefansson, Hannes"]
[Black "Tiviakov, Sergei"]
[Result "1-0"]
[WhiteElo "2495"]
[BlackElo "2575"]

1.e4 c5 2.Nf3 d6 3.d4 cxd4 4.Nxd4 Nf6 5.Nc3 g6 6.Be3 Bg7 7.f3 Nc6 8.Qd2 O-O
9.Bc4 Bd7 10.O-O-O Rc8 11.Bb3 Ne5 12.h4 h5 13.Bh6 Bxh6 14.Qxh6 Rxc3 15.bxc3 Qc7
16.Kb1 a5 17.f4 Nfg4 18.Qg5 a4 19.fxe5 axb3 20.cxb3 Nxe5 21.Qxe7 Qxc3 22.Qg5 Ra8
23.Qd2 Qc5 24.Rc1 Qb6 25.Qc3 Rc8 26.Qe3 Re8 27.Rhd1 Ng4 28.Qf4 Ne5 29.Rc2 Bg4
30.Nf3 Kg7 31.Rf1 Re7 32.Ng5 f5 33.Qf2 Qxf2 34.Rcxf2 fxe4 35.Nxe4 d5 36.Ng3 Nc6
37.Rf4 d4 38.Kb2 Rd7 39.R1f2 d3 40.Kc3 Ne5 41.Rd4 Re7 42.Kd2 Rc7 43.Rd5 Re7
44.Rf4 Re6 45.Re4 Kf6 46.Re3 Bf5 47.Nxf5 gxf5 48.g3  1-0

[Event "Arnold Cup"]
[Site "Gausdal"]
[Date "1993.??.??"]
[Round "7"]
[White "Tiviakov, Sergei"]
[Black "Degerman, Lars"]
[Result "1-0"]
[WhiteElo "2575"]
[BlackElo "2460"]

1.e4 e6 2.d4 d5 3.Nd2 c5 4.exd5 Qxd5 5.Ngf3 cxd4 6.Bc4 Qd6 7.O-O Nf6 8.Nb3 Nc6
9.Nbxd4 Nxd4 10.Nxd4 a6 11.b3 Bd7 12.Bb2 Qc7 13.Qe2 O-O-O 14.Nf3 Bc6 15.Ne5 Kb8
16.Qe3 Nd5 17.Bxd5 Bxd5 18.c4 Bc5 19.Qg3 f6 20.cxd5 Bd6 21.Rac1 Qe7 22.dxe6 Qxe6
23.Qg4  1-0

[Event "Groningen PCA"]
[Site "Groningen"]
[Date "1993.??.??"]
[Round "1"]
[White "Tiviakov, Sergei"]
[Black "Rozentalis, Eduardas"]
[Result "1-0"]
[WhiteElo "2635"]
[BlackElo "2600"]

1.e4 e6 2.d4 d5 3.Nd2 c5 4.exd5 exd5 5.Ngf3 Nc6 6.Bb5 Bd6 7.dxc5 Bxc5 8.O-O Ne7
9.Nb3 Bd6 10.c3 O-O 11.Bd3 Qc7 12.h3 Rd8 13.Qc2 Ng6 14.Nbd4 a6 15.Be3 Bd7
16.Rad1 Na5 17.Nf5 Bf8 18.Bd4 Bxf5 19.Bxf5 b5 20.h4 Be7 21.h5 Nf8 22.Be5 Qb6
23.Rfe1 Bf6 24.Bf4 Nc4 25.b3 Na5 26.Ne5 g6 27.Bh3 Bg7 28.hxg6 hxg6 29.Ng4 Ra7
30.Be3 d4 31.cxd4 Bxd4 32.Qd2 Re7 33.Bxd4 Rxd4 34.Qg5 Qd6 35.Qxe7 Qxe7 36.Rxe7 Rxd1+
37.Kh2 Rd2 38.Nh6+ Kg7 39.Nxf7 Rxa2 40.Nd6+ Kh8 41.f4 Nxb3 42.Nf7+ Kg7 43.Ne5+ Kh8
44.Kg3 Nd4 45.Kg4 Nf5 46.Ra7 Ne3+ 47.Kg5 Nxg2 48.Kh6 Ne3 49.Nxg6+  1-0

[Event "Moscow blitz"]
[Site "Moscow"]
[Date "1993.??.??"]
[Round "?"]
[White "Tiviakov, Sergei"]
[Black "Kiselev, Sergey"]
[Result "0-1"]
[WhiteElo "2575"]
[BlackElo "2510"]

1.e4 c5 2.Nf3 Nc6 3.d4 cxd4 4.Nxd4 e5 5.Nb5 d6 6.c4 Be7 7.N1c3 a6 8.Na3 Be6
9.Nc2 Bg5 10.Bd3 h6 11.O-O Nge7 12.b4 Rc8 13.Nd5 Ng6 14.Bb2 O-O 15.a3 Nce7
16.Nce3 Nxd5 17.exd5 Bd7 18.Qb3 Nf4 19.Rfe1 Nxd3 20.Qxd3 f5 21.c5 dxc5 22.Bxe5 Bb5
23.Qd1 cxb4 24.f4 Bh4 25.g3 Bf6 26.axb4 Bxe5 27.fxe5 f4 28.gxf4 Rxf4 29.Ra2 Qg5+
30.Ng2 Rf5 31.h4 Qg3 32.Re3 Qg6 33.Kh2 Rf1 34.Qd2 Rcc1 35.Qxc1 Rxc1 36.e6 Qb1
37.Rf2 Rh1+ 38.Kg3 Qxb4  0-1

[Event "Moscow blitz"]
[Site "Moscow"]
[Date "1993.??.??"]
[Round "?"]
[White "Tiviakov, Sergei"]
[Black "Ljubojevic, Ljubomir"]
[Result "1/2-1/2"]
[WhiteElo "2575"]
[BlackElo "2605"]

1.e4 c5 2.Nf3 d6 3.d4 cxd4 4.Nxd4 Nf6 5.Nc3 a6 6.Be3 e5 7.Nb3 Be6 8.Qd2 Nc6
9.f3 d5 10.exd5 Nxd5 11.Nxd5 Qxd5 12.Qxd5 Bxd5 13.O-O-O Be6 14.Nc5 Bxc5 15.Bxc5 Rc8
16.Kb1 f6 17.Bd3 Kf7 18.c3 h5 19.h4 Na5 20.b4 Nc4 21.Bxc4 Bxc4 22.Rd7+ Kg6
23.Rhd1 b5 24.R1d6 a5 25.Kb2 axb4 26.Bxb4 Rhe8 27.Ra6 Ra8 28.Rxa8 Rxa8 29.a3 Bf1
30.g4 Rg8 31.Rd2 Bh3 32.g5 fxg5 33.hxg5 Kxg5 34.Rd5 Kf4 35.Rxb5 h4 36.Bd6 Re8
37.Rb4+ Kxf3 38.Rxh4 Bf5 39.a4 e4  1/2-1/2

[Event "Moscow blitz"]
[Site "Moscow"]
[Date "1993.??.??"]
[Round "?"]
[White "Epishin, Vladimir"]
[Black "Tiviakov, Sergei"]
[Result "1/2-1/2"]
[WhiteElo "2620"]
[BlackElo "2575"]

1.Nf3 Nf6 2.c4 b6 3.g3 Bb7 4.Bg2 e6 5.Nc3 Be7 6.O-O O-O 7.d4 Na6 8.Bf4 c5
9.d5 exd5 10.cxd5 d6 11.e4 Nc7 12.Qd2 b5 13.Rfe1 b4 14.Na4 Nd7 15.b3 Nb6
16.Nb2 a5 17.Rad1 a4 18.Nc4 Nb5 19.e5 Nc3 20.exd6 Nxc4 21.dxe7 Nxd2 22.exd8=Q Nxf3+
23.Bxf3 Rfxd8 24.Rd2 Bxd5 25.Bxd5 Rxd5 26.Rxd5 Nxd5 27.Bd6 Nc3 28.Bxc5 Nxa2
29.bxa4 b3 30.Rb1 Rb8 31.Bd4 Rb4 32.Ba1 Rxa4 33.Rxb3 h6 34.Kg2 Nb4 35.Bc3 Nd5
36.Bd2 Rd4 37.Be3 Re4 38.Kf3 f5 39.Rb5 Ne7 40.Bc1 Rc4 41.Bb2 Kf7  1/2-1/2

[Event "Moscow blitz"]
[Site "Moscow"]
[Date "1993.??.??"]
[Round "?"]
[White "Tiviakov, Sergei"]
[Black "Vaganian, Rafael A"]
[Result "1-0"]
[WhiteElo "2575"]
[BlackElo "2615"]

1.e4 Nf6 2.e5 Nd5 3.Bc4 c6 4.d4 d6 5.Nf3 dxe5 6.Nxe5 g6 7.O-O Bg7 8.Bb3 O-O
9.Nd2 c5 10.Ndf3 cxd4 11.Qxd4 Nc6 12.Nxc6 bxc6 13.Qh4 Bf5 14.Bh6 Bxh6 15.Qxh6 Nf6
16.Rfe1 Qc7 17.Ng5 Rad8 18.Re3 Rd2 19.Rae1 e6 20.h3 Rd4 21.c3 Rd2 22.g4 Bxg4
23.hxg4 Qf4 24.Rf1 Qxg4+ 25.Rg3 Qh5 26.Qxh5 Nxh5 27.Rf3 Ng7 28.Ne4 Rxb2 29.Nf6+ Kh8
30.Rf4 Nf5 31.Ra4 Rd8 32.Rxa7 Rdd2 33.Rxf7  1-0

[Event "Moscow blitz"]
[Site "Moscow"]
[Date "1993.??.??"]
[Round "?"]
[White "Tiviakov, Sergei"]
[Black "Bykhovsky, Avigdor"]
[Result "0-1"]
[WhiteElo "2575"]
[BlackElo "2520"]

1.c4 e6 2.g3 g6 3.Bg2 Bg7 4.d4 d5 5.cxd5 exd5 6.Nc3 Ne7 7.Bg5 c6 8.Nf3 h6
9.Bxe7 Qxe7 10.O-O O-O 11.Re1 Be6 12.Ne5 Nd7 13.f4 Nxe5 14.dxe5 Rfd8 15.Qc2 Qc5+
16.e3 d4 17.exd4 Rxd4 18.Kh1 Rad8 19.Rad1 Bxa2 20.Rxd4 Rxd4 21.f5 gxf5 22.Qxf5 Be6
23.Qf2 Rd5 24.Qc2 Rxe5 25.Rd1 Bd5 26.Bxd5 Rxd5 27.Rf1 b5 28.Qe4 Re5 29.Qf3 Qc4
30.Rd1 Re8 31.Rd6 Bxc3 32.bxc3 Re1+ 33.Kg2 Qe2+ 34.Qxe2 Rxe2+ 35.Kh3 Re6
36.Rd7 a5 37.Ra7 a4  0-1

[Event "Podolsk"]
[Site "Podolsk"]
[Date "1993.??.??"]
[Round "?"]
[White "Tiviakov, Sergei"]
[Black "Chernin, Alexander"]
[Result "1-0"]
[WhiteElo "2635"]
[BlackElo "2615"]

1.e4 e6 2.d4 d5 3.Nd2 c5 4.exd5 Qxd5 5.Ngf3 cxd4 6.Bc4 Qd6 7.O-O Nf6 8.Nb3 Nc6
9.Nbxd4 Nxd4 10.Qxd4 Qxd4 11.Nxd4 Bd7 12.Be2 Bc5 13.Nb3 Bb6 14.a4 a6 15.Bf3 O-O-O
16.Bd2 Bc6 17.Bxc6 bxc6 18.Bc3 Rhg8 19.Rfe1 Rd5 20.Nd2 Ng4 21.Re2 Rgd8 22.Rf1 Bd4
23.Nc4 Rc5 24.Bxd4 Rxd4 25.b3 Rcxc4 26.bxc4 Rxc4 27.Ra1 Nf6 28.Ra3 Kc7 29.g3 h6
30.Kf1 a5 31.Ke1 Ne4 32.Ree3 g5 33.f3 Nd6 34.Kd1 Rc5 35.Kc1 h5 36.Rac3 Rf5
37.Red3 Nc8 38.g4 hxg4 39.fxg4 Re5 40.Rd4 Nb6 41.Rh3 c5 42.Rd1 Re4 43.Rf3 Rxg4
44.Rxf7+ Kc6 45.Rf6 Nxa4 46.Rxe6+ Kb5 47.Rd3 Rf4 48.Rg3 g4 49.Re1 c4 50.Reg1 Rf2
51.R3g2 Rf3 52.Rxg4 Nc3 53.Rh1 a4 54.h4 a3 55.h5 Rf2 56.Rgh4 Rf7 57.h6 Rh7
58.Rg4 Kc5 59.Rg7 Rh8 60.h7 a2 61.Kb2  1-0

[Event "St Petersburg op"]
[Site "St Petersburg"]
[Date "1993.??.??"]
[Round "?"]
[White "Yagupov, Igor"]
[Black "Tiviakov, Sergei"]
[Result "0-1"]
[WhiteElo "2425"]
[BlackElo "2635"]

1.e4 c5 2.c3 d5 3.exd5 Qxd5 4.d4 Nf6 5.Nf3 Nc6 6.Be2 cxd4 7.cxd4 e6 8.Nc3 Qd8
9.O-O Be7 10.Be3 O-O 11.Ne5 Bd6 12.Nxc6 bxc6 13.Bg5 Rb8 14.Qd2 h6 15.Be3 Nd5
16.Nxd5 cxd5 17.Rfc1 Bd7 18.Rc2 a5 19.Bf4 Bxf4 20.Qxf4 Rb4 21.Rd1 Qb8 22.Qxb8 Rfxb8
23.Rdd2 Kf8 24.f3 Ke7 25.Kf2 Kd6 26.Bd1 a4 27.f4 g5 28.g3 f6 29.Ke3 Be8 30.Rf2 Bg6
31.Rcd2 gxf4+ 32.gxf4 Bb1 33.b3 axb3 34.Bxb3 Rc8 35.Rf3 Rc1 36.Kf2 Bf5 37.Rg3 Rh1
38.Kf3 h5 39.Rg7 Rf1+ 40.Ke3 Bg4  0-1

[Event "Calcutta op"]
[Site "Calcutta"]
[Date "1994.??.??"]
[Round "7"]
[White "Hickl, Joerg"]
[Black "Tiviakov, Sergei"]
[Result "1/2-1/2"]
[WhiteElo "2535"]
[BlackElo "2630"]

1.e4 c5 2.c3 d5 3.d3 Nc6 4.Nd2 g6 5.Ngf3 Bg7 6.Be2 e6 7.Rb1 Nge7 8.b4 Bxc3
9.bxc5 Qa5 10.O-O Qxc5 11.Nb3 Qd6 12.Bh6 Ng8 13.Qc1 Bf6 14.Bf4 e5 15.exd5 Qxd5
16.Be3 Nge7 17.Nfd2 O-O 18.Bf3 Qd8 19.Bc5 Bf5 20.Rd1 Qxd3 21.Ne4 Bxe4 22.Rxd3 Bxd3
23.Bxc6 Bxb1 24.Bxb7 Rab8 25.Na5 Bxa2 26.Qa3 Bd5 27.Bd6 Bxb7 28.Bxb8 Rxb8
29.Qd6 Rc8 30.h3 Kg7 31.Nxb7 Nf5 32.Qd3 h5 33.g3 h4 34.g4 Nd4 35.Nd6 Rc1+
36.Kg2 Be7 37.Qe3 Rc5 38.Ne4 Rc6 39.Nc3 Re6 40.Nd5 Bd8 41.f4 Nc6 42.f5 gxf5
43.gxf5 Rh6 44.Kh1 a5 45.Qg1+ Kf8 46.Qc5+ Be7 47.Qc1 Rd6 48.f6 Rxd5 49.fxe7+  1/2-1/2

[Event "RUS-ch"]
[Site "Elista"]
[Date "1994.??.??"]
[Round "5"]
[White "Ragozin, Evgeni"]
[Black "Tiviakov, Sergei"]
[Result "0-1"]
[WhiteElo "2510"]
[BlackElo "2640"]

1.c4 e5 2.Nc3 Nf6 3.Nf3 Nc6 4.a3 d5 5.cxd5 Nxd5 6.d3 Be7 7.e4 Nb6 8.Be2 O-O
9.O-O Be6 10.Be3 Qd7 11.a4 a6 12.a5 Nc8 13.Qa4 b5 14.axb6 Nxb6 15.Qd1 Bg4
16.h3 Bxf3 17.Bxf3 Nd4 18.Bg4 Qd6 19.Ra2 Rfd8 20.Bxd4 Qxd4 21.Be2 Bb4 22.Qc2 g6
23.g3 a5 24.Kg2 Bxc3 25.Qxc3 Qxc3 26.bxc3 a4 27.f4 Ra5 28.f5 Rd6 29.fxg6 fxg6
30.Rb1 Rc5 31.Ra3 Rdc6 32.Rc1 Rb5 33.Ra2 Rb3 34.Rac2 a3 35.Bd1 Na4 36.Rf2 Rbxc3
37.Ra1 Nb2 38.Bg4 Nxd3 39.Rfa2 Rc2+ 40.Rxc2 Rxc2+ 41.Kf3 Rc3  0-1

[Event "RUS-ch"]
[Site "Elista"]
[Date "1994.??.??"]
[Round "7"]
[White "Makarov, Marat"]
[Black "Tiviakov, Sergei"]
[Result "1/2-1/2"]
[WhiteElo "2525"]
[BlackElo "2640"]

1.c4 e5 2.g3 Nf6 3.Bg2 d5 4.cxd5 Nxd5 5.Nc3 Nb6 6.Nf3 Nc6 7.O-O Be7 8.a3 O-O
9.b4 Be6 10.d3 f5 11.Bb2 Bd6 12.Nd2 Qe7 13.Nb3 Qf7 14.Na5 Nxa5 15.bxa5 Nd5
16.Nb5 f4 17.Nxd6 cxd6 18.d4 e4 19.Bxe4 Rae8 20.Bg2 h5 21.e4 f3 22.Bxf3 Qxf3
23.Qxf3 Rxf3 24.exd5 Bxd5 25.Rfe1 Rxe1+ 26.Rxe1 Rd3 27.Kf1 Kf7 28.Re3 Rxe3
29.fxe3 Ke6 30.Bc3 g5  1/2-1/2

[Event "Montecatini Terme op"]
[Site "Montecatini Terme"]
[Date "1994.??.??"]
[Round "?"]
[White "Tiviakov, Sergei"]
[Black "Mauro, Alan"]
[Result "1-0"]
[WhiteElo "2640"]
[BlackElo "2285"]

1.e4 c5 2.Nf3 d6 3.d4 cxd4 4.Nxd4 Nf6 5.Nc3 g6 6.g3 Bg7 7.Bg2 O-O 8.O-O Nc6
9.Nde2 Bg4 10.h3 Bd7 11.Nd5 Nxd5 12.exd5 Ne5 13.Bf4 Nc4 14.b3 Na3 15.c3 b5
16.Rc1 Qa5 17.Qd2 Rfc8 18.Bg5 Re8 19.Nd4 Rac8 20.Rfe1 Qb6 21.Nc6 Bxc6 22.dxc6 Kf8
23.Bxe7+ Rxe7 24.Qxd6 Re8 25.Rxe7 Rxe7 26.Qxa3 Bxc3 27.Qd6 Be5 28.Qd3 Kg7
29.Rc2 h5 30.h4 Bc7 31.Be4 a5 32.Qc3+ f6 33.Kg2 Re5 34.Qd3 f5 35.Bf3 Re7
36.Qd5 f4 37.g4 hxg4 38.Bxg4 b4 39.h5 Kh6 40.hxg6 Re5 41.Qf7 f3+ 42.Bxf3 Rg5+
43.Kf1 Rxg6 44.Rc4  1-0

[Event "Moscow ol (Men)"]
[Site "Moscow"]
[Date "1994.??.??"]
[Round "14"]
[White "Lobron, Eric"]
[Black "Tiviakov, Sergei"]
[Result "0-1"]
[WhiteElo "2580"]
[BlackElo "2640"]

1.Nf3 Nf6 2.c4 b6 3.g3 e6 4.Bg2 Bb7 5.O-O Be7 6.b3 O-O 7.Bb2 c5 8.e3 d5 9.Qe2 Nc6
10.d3 Qc7 11.Nc3 dxc4 12.bxc4 Rfd8 13.Ne1 a6 14.f4 Nb4 15.a3 Bxg2 16.Qxg2 Nc6
17.g4 Ne8 18.g5 Nd6 19.Rf3 b5 20.cxb5 axb5 21.Rh3 b4 22.Ne4 Nxe4 23.Qxe4 g6
24.f5 exf5 25.Qh4 h5 26.gxh6 Ne5 27.h7+ Kh8 28.Nf3 f6 29.Nxe5 fxe5 30.Qg3 Bf6
31.Rh6 bxa3 32.Rxa3 Rxa3 33.Rxg6 Kxh7 34.Rxf6 Qg7 35.Qxg7+ Kxg7 36.Bxe5 Raxd3
37.Rc6+ Kf7 38.Rxc5 Rxe3  0-1

[Event "PCA-op"]
[Site "New York"]
[Date "1994.??.??"]
[Round "2"]
[White "Tiviakov, Sergei"]
[Black "Van Wely, Loek"]
[Result "0-1"]
[WhiteElo "2640"]
[BlackElo "2560"]

1.e4 c5 2.Nf3 e6 3.d4 cxd4 4.Nxd4 d6 5.Nc3 Nf6 6.Be3 a6 7.Be2 Qc7 8.a4 b6
9.f4 Bb7 10.Bf3 Be7 11.O-O O-O 12.Qe2 Nbd7 13.Kh1 Rad8 14.Bf2 Nc5 15.Bg3 Qc8
16.Rad1 d5 17.e5 Nfe4 18.Bxe4 Nxe4 19.Nxe4 dxe4 20.c3 Bc5 21.Bh4 Rd5 22.Qg4 Kh8
23.Rfe1 Bxd4 24.cxd4 Qc4 25.Re3 Rxd4 26.Rxd4 Qf1+  0-1

[Event "RUS-ch"]
[Site "Elista"]
[Date "1995.??.??"]
[Round "10"]
[White "Tiviakov, Sergei"]
[Black "Iskusnyh, Sergei"]
[Result "1/2-1/2"]
[WhiteElo "2655"]
[BlackElo "2430"]

1.e4 c5 2.c3 e6 3.d4 d5 4.exd5 exd5 5.Nf3 Nc6 6.Bb5 Bd6 7.dxc5 Bxc5 8.O-O Ne7
9.Nbd2 O-O 10.Nb3 Bb6 11.Bd3 Ng6 12.Re1 Bg4 13.Be3 Bxe3 14.Rxe3 Nge5 15.Be2 Nc4
16.Bxc4 dxc4 17.Qxd8 Rfxd8 18.Nbd4 Bxf3 19.Nxf3 Rd5 20.Rae1 Kf8 21.Re4 b5
22.g4 Rad8 23.Kg2 h5 24.h3 hxg4 25.hxg4 g6 26.a4 a6 27.axb5 axb5 28.Ra1 Re8
29.Rf4 Re2 30.Ra8+ Kg7 31.Rc8 g5 32.Nxg5 Rxg5 33.Rxc6 Rg6 34.Rc7 Rf6 35.Rxf6 Kxf6
36.g5+ Kg6 37.Rc6+ Kg7 38.Rb6 Rxb2 39.Kg3 Rb3 40.Kg4 Rxc3 41.Rxb5 Rc1 42.f4 c3
43.Rc5 c2 44.Kf5 Kg8 45.Rc8+  1/2-1/2

[Event "Moscow PCA-Intel qual"]
[Site "Moscow"]
[Date "1995.??.??"]
[Round "2"]
[White "Chernin, Alexander"]
[Black "Tiviakov, Sergei"]
[Result "1-0"]
[WhiteElo "2600"]
[BlackElo "2625"]

1.c4 e5 2.Nc3 Nf6 3.Nf3 Nc6 4.a3 g6 5.g3 Bg7 6.Bg2 O-O 7.O-O d6 8.d3 Be6
9.b4 a6 10.Bb2 h6 11.Nd2 Qd7 12.Re1 Nh7 13.Nd5 f5 14.f4 g5 15.e3 Rae8 16.Qc2 Nd8
17.a4 h5 18.Nf3 Nf7 19.h4 c6 20.Nb6 Qd8 21.a5 gxh4 22.gxh4 Nh6 23.Ng5 Ng4
24.b5 Qc7 25.bxc6 bxc6 26.Bf3 Bc8 27.Nxc8 Qxc8 28.Qg2 Nxg5 29.hxg5 exf4 30.Bxg7 Kxg7
31.exf4 c5 32.Qb2+ Kg6 33.Qb6 Rd8 34.Re7 Rf7 35.Rae1 Rxe7 36.Rxe7 h4 37.Bd5 Rd7
38.Re6+ Kh7 39.Rxd6 Rxd6 40.Qxd6 Qe8 41.Qe6 Qf8 42.Qxa6 h3 43.Qb7+ Kg6 44.a6 Qe8
45.Bf7+ Qxf7 46.Qxf7+ Kxf7 47.a7  1-0

[Event "San Giorgio m rap"]
[Site "San Giorgio"]
[Date "1995.??.??"]
[Round "1"]
[White "Tiviakov, Sergei"]
[Black "Karpov, Anatoly"]
[Result "1/2-1/2"]
[WhiteElo "2655"]
[BlackElo "2775"]

1.e4 c6 2.d4 d5 3.Nd2 dxe4 4.Nxe4 Nd7 5.Nf3 Ngf6 6.Ng3 e6 7.Bd3 c5 8.O-O Be7
9.b3 O-O 10.Bb2 b6 11.Qe2 Bb7 12.Rad1 Qc7 13.c4 Rfe8 14.Rfe1 Rad8 15.Bb1 cxd4
16.Nxd4 Bb4 17.Rf1 a6 18.Ne4 Be7 19.Ng5 Nf8 20.Ndf3 h6 21.Ne4 N8d7 22.Rfe1 Nxe4
23.Bxe4 Bxe4 24.Qxe4 Bf6 25.Bxf6 Nxf6 26.Qe5 Qc6 27.Rd4 Rd7 28.Qe3 Rd6 29.Ne5 Qc5
30.Rd3 Qxe3 31.Rexe3 Red8 32.f3 Kf8 33.Kf2 Ke7 34.Ke2 Ne8 35.Rxd6 Rxd6 36.Rc3 Nc7
37.f4 f6 38.Nf3 g5 39.g3 a5 40.h4 gxf4 41.gxf4 Na6 42.Nd2 Nc5 43.Re3 Rd4
44.Rf3 Kd6 45.Ke3 Rd3+ 46.Ke2 Rd4 47.h5 f5 48.Ke3 Rd3+ 49.Ke2 Rd4 50.Ke3 Rd3+
51.Ke2 Rd4 52.Ke3 Rd3+ 53.Ke2  1/2-1/2

[Event "Hoogovens op"]
[Site "Wijk aan Zee"]
[Date "1995.??.??"]
[Round "12"]
[White "Tiviakov, Sergei"]
[Black "Hulak, Krunoslav"]
[Result "1-0"]
[WhiteElo "2625"]
[BlackElo "2545"]

1.e4 c5 2.Nf3 e6 3.d4 cxd4 4.Nxd4 Nf6 5.Nc3 d6 6.Be3 a6 7.Be2 Be7 8.O-O O-O
9.f4 Nc6 10.a4 Qc7 11.Kh1 Re8 12.Bf3 Nxd4 13.Qxd4 e5 14.Qd2 Be6 15.f5 Bc4
16.Rfe1 Rac8 17.Bg5 b5 18.axb5 axb5 19.Bxf6 Bxf6 20.Nd1 d5 21.Nf2 dxe4 22.Nxe4 Qb6
23.b3 Red8 24.Qa5 Qxa5 25.Rxa5 Bd5 26.Rxb5 Bxe4 27.Bxe4 Rd2 28.c4 h5 29.c5 Rcd8
30.c6 Kh7 31.Rc5  1-0

[Event "Donner mem op"]
[Site "Amsterdam"]
[Date "1996.??.??"]
[Round "3"]
[White "Tiviakov, Sergei"]
[Black "Jonkman, Harmen"]
[Result "1-0"]
[WhiteElo "2615"]
[BlackElo "2325"]

1.e4 e5 2.Nf3 Nc6 3.Bb5 f5 4.Nc3 Nf6 5.exf5 Bc5 6.O-O O-O 7.Nxe5 Nd4 8.Nf3 Nxf3+
9.Qxf3 d5 10.Ne2 Ne4 11.d4 Rxf5 12.Bf4 Bb6 13.Qe3 c5 14.c3 cxd4 15.cxd4 Rf8
16.Rac1 Nd6 17.Bg5 Nf5 18.Bxd8 Nxe3 19.Bxb6 Nxf1 20.Bc5 Rf7 21.Rxf1 Bd7 22.Bd3 Bf5
23.Bxf5 Rxf5 24.Bd6 Rf7 25.Rc1 Rf6 26.Be5 Rc6 27.Rxc6 bxc6 28.Nf4 Kf7 29.f3 g5
30.Nd3 Ke6 31.Kf2 h5 32.g3 g4 33.Nf4+ Kf5 34.Nxh5 c5 35.Ng7+ Kg6 36.fxg4 cxd4
37.Bxd4 Rc8 38.h4 Rc4 39.Nf5  1-0

[Event "Donner mem op"]
[Site "Amsterdam"]
[Date "1996.??.??"]
[Round "6"]
[White "Akesson, Ralf"]
[Black "Tiviakov, Sergei"]
[Result "1/2-1/2"]
[WhiteElo "2500"]
[BlackElo "2615"]

1.Nf3 Nf6 2.c4 b6 3.Nc3 Bb7 4.d4 e6 5.a3 d5 6.Bg5 Be7 7.Qa4+ Bc6 8.Qc2 dxc4
9.e3 b5 10.a4 bxa4 11.Ne5 O-O 12.Nxc6 Nxc6 13.Qxa4 Nd5 14.Qxc6 Bxg5 15.Bxc4 Nb4
16.Qe4 c6 17.O-O Bf6 18.Rfc1 Qd7 19.Na4 Be7 20.Be2 Rfb8 21.g3 Rc8 22.Rc4 Rab8
23.Rac1 Nd5 24.Qc2 Nb4 25.Qd1 Na2 26.Ra1 Nb4 27.Rac1 Na2 28.Ra1 Nb4 29.Nc5 Bxc5
30.Rxc5 g6 31.Qc1 Nd5 32.Ra4 Rc7 33.Rac4 Rcb7 34.Rc2 Nb4 35.Rd2 Rb6 36.Bf3 Qb7
37.Kg2 Rb5 38.Rc4 Rc8 39.h4 Qd7 40.Rc5 Rb6 41.h5 Qe7 42.Rd1 Rbb8 43.Qc4 Qd7
44.Rc1 Qd6 45.Bxc6 Nxc6 46.Rxc6 Rxc6 47.Qxc6 Qxc6+ 48.Rxc6 gxh5 49.Rc2 Kg7
50.Kf3 Kf6 51.Kf4 Rb4 52.f3 a6 53.Ke4 Rb3 54.Rc6 Kg5 55.d5 exd5+ 56.Kd4 Rxb2
57.Kxd5 a5 58.Rc5 a4 59.Ke4+ Kg6 60.Rc7 f6 61.Rc6 Rb4+ 62.Kd3 Rb3+ 63.Ke4  1/2-1/2

[Event "Buenos Aires Najdorf"]
[Site "Buenos Aires"]
[Date "1996.??.??"]
[Round "1"]
[White "Tiviakov, Sergei"]
[Black "Magem Badals, Jorge"]
[Result "1/2-1/2"]
[WhiteElo "2625"]
[BlackElo "2565"]

1.e4 c6 2.d4 d5 3.Nd2 dxe4 4.Nxe4 Bf5 5.Ng3 Bg6 6.h4 h6 7.Nf3 Nf6 8.h5 Bh7
9.Bd3 Bxd3 10.Qxd3 e6 11.Bd2 Nbd7 12.O-O-O Be7 13.Qe2 O-O 14.Rhe1 c5 15.Nf5 cxd4
16.N3xd4 Bc5 17.Nxh6+ gxh6 18.Bxh6 Re8 19.Qf3 Bf8 20.Bg5 Rc8 21.Kb1 Rc5 22.Bh4 Rxh5
23.Nxe6 Qa5 24.Bxf6 Nxf6 25.Qxf6 Rf5 26.Qh4 Rxe6 27.Rxe6 fxe6 28.f3 Bg7 29.Qe7 Qb6
30.c3 Rf7 31.Qg5 Qc7 32.Qe3 e5 33.Qxa7 Rd7  1/2-1/2

[Event "Cacak"]
[Site "Cacak"]
[Date "1996.??.??"]
[Round "2"]
[White "Marinkovic, Ivan"]
[Black "Tiviakov, Sergei"]
[Result "1/2-1/2"]
[WhiteElo "2505"]
[BlackElo "2615"]

1.e4 c5 2.Nf3 d6 3.d4 cxd4 4.Nxd4 Nf6 5.Nc3 g6 6.g3 Nc6 7.Bg2 Nxd4 8.Qxd4 Bg7
9.a4 O-O 10.a5 Be6 11.Qb4 Nd7 12.Nd5 b5 13.axb6 Bxd5 14.exd5 Qxb6 15.Qxb6 axb6
16.Rxa8 Rxa8 17.Kd2 b5 18.Re1 Nb6  1/2-1/2

[Event "Cacak"]
[Site "Cacak"]
[Date "1996.??.??"]
[Round "6"]
[White "Strikovic, Aleksa"]
[Black "Tiviakov, Sergei"]
[Result "1/2-1/2"]
[WhiteElo "2550"]
[BlackElo "2615"]

1.e4 c5 2.c3 d5 3.exd5 Qxd5 4.d4 Nf6 5.Be3 cxd4 6.cxd4 e6 7.Nc3 Qd6 8.Nf3 Be7
9.Bc4 O-O 10.O-O Nc6 11.a3 Bd7 12.Qd2 Na5 13.Ba2 Qa6 14.Ne5 Bb5 15.Nxb5 Qxb5
16.b4 Nc6 17.Bc4 Qa4 18.Qe2 Nd5 19.Nd3 Nb8 20.Nc5 Bxc5 21.dxc5 a5 22.Bxd5 exd5
23.b5 Nd7 24.Rfd1 Qe4 25.Qd2 Nf6 26.Bd4 Rfd8 27.Re1 Qf5 28.Re5 Ne4 29.Qa2 Qd7
30.f3 Nf6 31.a4 Re8 32.Rg5 h6 33.Re5 Rxe5 34.Bxe5 Ne8 35.Rd1 Rd8 36.Qd2 Qf5
37.Bd4 Nc7 38.Qxa5 Ne6 39.Qc3 Ra8 40.c6 bxc6 41.b6 Nxd4 42.Qxd4 Qc2 43.Ra1 Re8
44.b7 Qb3 45.Qa7 Kh7 46.a5 d4 47.h3 Qb2 48.Rf1 d3 49.a6 d2 50.Qf2 Qb4 51.Kh2 Qd6+
52.Qg3 Qxg3+ 53.Kxg3 Re1 54.b8=Q Rxf1 55.Qe5 d1=Q 56.Qf5+ Kg8 57.Qc8+ Kh7
58.Qf5+ Kg8  1/2-1/2

[Event "RUS-ch"]
[Site "Elista"]
[Date "1996.??.??"]
[Round "5"]
[White "Tiviakov, Sergei"]
[Black "Galkin, Alexander"]
[Result "1/2-1/2"]
[WhiteElo "2615"]
[BlackElo "2425"]

1.e4 c6 2.d4 d5 3.Nd2 dxe4 4.Nxe4 Bf5 5.Ng3 Bg6 6.h4 h6 7.Nf3 Nd7 8.h5 Bh7
9.Bd3 Bxd3 10.Qxd3 Qc7 11.Bd2 Ngf6 12.O-O-O e6 13.Qe2 O-O-O 14.Ne5 Nb6 15.Ba5 Rd5
16.Bxb6 axb6 17.c4 Ra5 18.Kb1 Bd6 19.f4 Rd8 20.Ne4 Nxe4 21.Qxe4 f5 22.Qe2 b5
23.Ng6 bxc4 24.Qxe6+ Kb8 25.Qxc4 Rd5 26.g3 Bc5 27.Rd3 Rxd4 28.Rxd4 Bxd4 29.Rd1 Bf6
30.Rd3 Qb6 31.Ne5 Bxe5 32.fxe5 Qg1+ 33.Kc2 Qf2+ 34.Kb3 Qb6+ 35.Kc2 Qf2+  1/2-1/2

[Event "RUS-ch"]
[Site "Elista"]
[Date "1996.??.??"]
[Round "9"]
[White "Tiviakov, Sergei"]
[Black "Beshukov, Sergei"]
[Result "1-0"]
[WhiteElo "2615"]
[BlackElo "2460"]

1.e4 c5 2.Nf3 d6 3.d4 cxd4 4.Nxd4 Nf6 5.Nc3 a6 6.Be3 e6 7.Be2 Qc7 8.a4 Nc6
9.O-O Be7 10.f4 O-O 11.Kh1 Re8 12.Bf3 Rb8 13.g4 Nxd4 14.Bxd4 e5 15.fxe5 dxe5
16.Ba7 Ra8 17.g5 Bb4 18.gxf6 Bxc3 19.Qc1 Bb4 20.Be3 Bf8 21.Bh6 Qc6 22.Bxg7 Bxg7
23.fxg7 Be6 24.Rf2 a5 25.Qg5 Rad8 26.b3 Qc5 27.Raf1 Rd7 28.Bh5 Rc8 29.Qh6 Qc6
30.Bg6  1-0